00000000cam 2200000zi 4500
0019.962649
003CaOODSP
00520260507135836
006m     o  d f      
007cr mn|||||||||
008260507e202605  onc     ob   f000 0 fre d
040 |aCaOODSP|bfre|erda|cCaOODSP
043 |an-cn---|af-sj---
0861 |aXC11-1/1-451-8F-PDF
1101 |aCanada. |bParlement. |bChambre des communes. |bComité permanent des affaires étrangères et du développement international, |eauteur, |eorganisme de publication.
24514|aUne guerre contre les civils : |brépondre au coût humain du conflit au Soudan / |cle président, Ahmed Hussen; Sous-comité des droits internationaux de la personne, je président, Fayçal El-Khoury.
264 1|a[Ottawa] : |bChambre des communes, Canada = House of Commons, Canada, |cmai 2026.
300 |a1 ressource en ligne (ix, 11 pages).
336 |atexte|btxt|2rdacontent/fre
337 |ainformatique|bc|2rdamedia/fre
338 |aressource en ligne|bcr|2rdacarrier/fre
4901 |aRapport du Comité permanent des affaires étrangères et du développement international ; |v8e rapport, 45e législature, 1re session
500 |aPublié aussi en anglais sous le titre : A war on civilians : addressing the human toll of the conflict in Sudan.
504 |aComprend des références bibliographiques.
520 |a« Le conflit armé qui fait rage au Soudan depuis avril 2023 entre les Forces armées soudanaises (FAS) et les Forces de soutien rapide (FSR) a dégénéré en grave crise humanitaire. Le 28 octobre 2025, le Sous-comité des droits internationaux de la personne du Comité permanent des affaires étrangères et du développement international de la Chambre des communes (le Sous-comité) a entrepris d’urgence une étude sur le Soudan, recueillant les témoignages de citoyens soudanais, d’organisations non gouvernementales, d’universitaires et d’un ancien ministre du gouvernement du Soudan » -- Introduction, page 3.
650 6|aRelations internationales.
650 6|aDroits de l'homme (Droit international)|zSoudan.
650 6|aCrimes de guerre|xEnquêtes|zSoudan.
651 6|aCanada|xRelations extérieures|zSoudan.
7001 |aHussen, Ahmed, |d1976-
77508|tA war on civilians : |w(CaOODSP)9.962648
830#0|aRapport du Comité permanent des affaires étrangères et du développement international ;|v8e rapport, 45e législature, 1re session.|w(CaOODSP)9.503478
85640|qPDF|s3.33 Mo|uhttps://publications.gc.ca/collections/collection_2026/parl/xc11-1/XC11-1-1-451-8-fra.pdf
8564 |qHTML|sS.O.|uhttps://www.noscommunes.ca/documentviewer/fr/45-1/FAAE/rapport-8